My town / (Record no. 1949)
[ view plain ]
| 000 -LEADER | |
|---|---|
| fixed length control field | 00840nam a22002417a 4500 |
| 001 - CONTROL NUMBER | |
| control field | 1949 |
| 003 - CONTROL NUMBER IDENTIFIER | |
| control field | FISKH |
| 005 - DATE AND TIME OF LATEST TRANSACTION | |
| control field | 20231020091721.0 |
| 008 - FIXED-LENGTH DATA ELEMENTS--GENERAL INFORMATION | |
| fixed length control field | 231020b cb ||||| |||| 00| 0 eng d |
| 020 ## - INTERNATIONAL STANDARD BOOK NUMBER | |
| International Standard Book Number | 9788131904138 |
| 040 ## - CATALOGING SOURCE | |
| Original cataloging agency | FISKH |
| Language of cataloging | eng |
| Transcribing agency | FISKH |
| Modifying agency | FISKH |
| 082 ## - DEWEY DECIMAL CLASSIFICATION NUMBER | |
| Classification number | 428.1 |
| 100 ## - MAIN ENTRY--PERSONAL NAME | |
| Personal name | Jain, Kuldeep |
| 245 ## - TITLE STATEMENT | |
| Title | My town / |
| Remainder of title | My first picture book : |
| 260 ## - PUBLICATION, DISTRIBUTION, ETC. | |
| Place of publication, distribution, etc. | New Delhi : |
| Name of publisher, distributor, etc. | B. Jain ; |
| Date of publication, distribution, etc. | 1921. |
| 300 ## - PHYSICAL DESCRIPTION | |
| Extent | 16 pages : |
| Other physical details | color illustrations ; |
| Dimensions | 28 cm |
| 505 ## - FORMATTED CONTENTS NOTE | |
| Formatted contents note | B<br/> |
| 520 ## - SUMMARY, ETC. | |
| Summary, etc. | My First Picture Workbook takes the children on a tour of their surroundings and all the places they visit. The journey starts with home, goes to school, then their home and at the end reaches their country. |
| 521 8# - TARGET AUDIENCE NOTE | |
| Target audience note | 160<br/> |
| Source | Lexile estimate<br/> |
| 521 8# - TARGET AUDIENCE NOTE | |
| Target audience note | B<br/> |
| Source | Raz-Plus<br/> |
| 650 ## - SUBJECT ADDED ENTRY--TOPICAL TERM | |
| Topical term or geographic name entry element | Picture |
| Form subdivision | Town |
| General subdivision | Tour |
| 942 ## - ADDED ENTRY ELEMENTS (KOHA) | |
| Source of classification or shelving scheme | Dewey Decimal Classification |
| Koha item type | Books |
| Suppress in OPAC | No |
| Withdrawn status | Lost status | Source of classification or shelving scheme | Damaged status | Not for loan | Collection | Home library | Current library | Shelving location | Date acquired | Total Checkouts | Full call number | Barcode | Date last seen | Date last checked out | Price effective from | Koha item type |
|---|---|---|---|---|---|---|---|---|---|---|---|---|---|---|---|---|
| Dewey Decimal Classification | Fiction | Footprints International School Library Network Toul Kork Campus | Footprints International School Library Network Toul Kork Campus | TK Primary Library Room(4th Floor), Bookcase 7, Shelves 57-60, Dark Green Books | 10/20/2023 | 1 | JAI 428.1 PZ7 | FISBK06179 | 04/02/2025 | 02/04/2025 | 10/20/2023 | Books |
